Normal view
MARC view
- CHEMICAL PLANTS-DESIGN AND CONSTRUCTION PRESSURE VESSELS-PIPING ENGINEERING MECHANICS-PRESSURE VESSELS
Entry Topical Term
001 - CONTROL NUMBER
- control field: 76577
003 - CONTROL NUMBER IDENTIFIER
- control field: NUST
005 - DATE AND TIME OF LATEST TRANSACTION
- control field: 20210628205654.0
008 - FIXED-LENGTH DATA ELEMENTS
- fixed length control field: 210628|| aca||aabn | a|a d
040 ## - CATALOGING SOURCE
- Original cataloging agency: NUST
- Transcribing agency: NUST
150 ## - HEADING--TOPICAL TERM
- Topical term or geographic name entry element: CHEMICAL PLANTS-DESIGN AND CONSTRUCTION PRESSURE VESSELS-PIPING ENGINEERING MECHANICS-PRESSURE VESSELS
670 ## - SOURCE DATA FOUND
- Source citation: Work cat.: (NUST): Escoe, A. Keith 76576, Mechanical design of process systems piping and pressure vessels, 1994
